<?xml version="1.0" encoding="UTF-8"?><?xml-stylesheet type="text/xsl" href="static/style.xsl"?><OAI-PMH xmlns="http://www.openarchives.org/OAI/2.0/" xmlns:xsi="http://www.w3.org/2001/XMLSchema-instance" xsi:schemaLocation="http://www.openarchives.org/OAI/2.0/ http://www.openarchives.org/OAI/2.0/OAI-PMH.xsd"><responseDate>2026-04-28T02:57:38Z</responseDate><request verb="GetRecord" identifier="oai:riubu.ubu.es:10259/8035" metadataPrefix="marc">https://riubu.ubu.es/oai/request</request><GetRecord><record><header><identifier>oai:riubu.ubu.es:10259/8035</identifier><datestamp>2023-11-23T11:51:13Z</datestamp><setSpec>com_10259_8005</setSpec><setSpec>com_10259_5086</setSpec><setSpec>com_10259_2604</setSpec><setSpec>col_10259_8006</setSpec></header><metadata><record xmlns="http://www.loc.gov/MARC21/slim" xmlns:doc="http://www.lyncode.com/xoai" xmlns:xsi="http://www.w3.org/2001/XMLSchema-instance" xmlns:dcterms="http://purl.org/dc/terms/" xsi:schemaLocation="http://www.loc.gov/MARC21/slim http://www.loc.gov/standards/marcxml/schema/MARC21slim.xsd">
<leader>00925njm 22002777a 4500</leader>
<datafield tag="042" ind1=" " ind2=" ">
<subfield code="a">dc</subfield>
</datafield>
<datafield tag="720" ind1=" " ind2=" ">
<subfield code="a">García Hípola, Giselle</subfield>
<subfield code="e">author</subfield>
</datafield>
<datafield tag="720" ind1=" " ind2=" ">
<subfield code="a">Pérez Castaños, Sergio</subfield>
<subfield code="e">author</subfield>
</datafield>
<datafield tag="260" ind1=" " ind2=" ">
<subfield code="c">2021</subfield>
</datafield>
<datafield tag="520" ind1=" " ind2=" ">
<subfield code="a">Utilizando los datos recogidos por el Project Platform Europe la presente investigación analiza cómo VOX ha utilizado las emociones como estrategia de su campaña electoral en las pasadas elecciones europeas de 2019. Así, se medirá cómo los materiales analizados apelan al uso de emociones o razón, el grado de personalización de estos o el uso de elementos relativos a la publicidad negativa y al humor, como forma de comprender la estrategia de esta formación de derecha radical populista.</subfield>
</datafield>
<datafield tag="520" ind1=" " ind2=" ">
<subfield code="a">By using data collected form the Project Platform Europe, this article aims at analyzing how VOX has used emotions as an electoral strategy in the past 2019 European Elections. Thus, the use of emotions, rational elements, degree of perso-nalization and the usage of humor and negative content in the selected materials will be analyzed, as a way to check the strategy developed by this right-wing popu-list radical political formation.</subfield>
</datafield>
<datafield tag="024" ind2=" " ind1="8">
<subfield code="a">2172-0223</subfield>
</datafield>
<datafield tag="024" ind2=" " ind1="8">
<subfield code="a">http://hdl.handle.net/10259/8035</subfield>
</datafield>
<datafield ind1=" " ind2=" " tag="653">
<subfield code="a">VOX</subfield>
</datafield>
<datafield ind1=" " ind2=" " tag="653">
<subfield code="a">Emociones</subfield>
</datafield>
<datafield ind1=" " ind2=" " tag="653">
<subfield code="a">Elecciones europeas</subfield>
</datafield>
<datafield ind1=" " ind2=" " tag="653">
<subfield code="a">Materiales de campaña</subfield>
</datafield>
<datafield ind1=" " ind2=" " tag="653">
<subfield code="a">Estrategia de comunicación</subfield>
</datafield>
<datafield ind1=" " ind2=" " tag="653">
<subfield code="a">VOX</subfield>
</datafield>
<datafield ind1=" " ind2=" " tag="653">
<subfield code="a">Emotions</subfield>
</datafield>
<datafield ind1=" " ind2=" " tag="653">
<subfield code="a">European elections</subfield>
</datafield>
<datafield ind1=" " ind2=" " tag="653">
<subfield code="a">Communication strategy</subfield>
</datafield>
<datafield ind1=" " ind2=" " tag="653">
<subfield code="a">Campaign materials</subfield>
</datafield>
<datafield tag="245" ind1="0" ind2="0">
<subfield code="a">Las emociones como estrategia de comunicación en las elecciones europeas de 2019: VOX</subfield>
</datafield>
</record></metadata></record></GetRecord></OAI-PMH>